01062cam a22002417a 4500001000700000003000900007005001700016008004100033010001700074035002100091040002300112041001300135050002400148082001600172100003600188245011800224250001200342260008100354300002100435500007200456504006600528650022600594152790BDDh-ASL20231015025723.0980107s1997 ir b 001 0 eng  a 98101546  a(DLC) 98101546 aDLCcDLCbBDDh-ASL1 aenghper00aMLCS 2001/07012 (B) a297.01bLAE1 aMūsavī Lārī, Mujtabá.10aEthics and spiritual growth /cby Sayyid Mujtabā Mūsawī Lārī ; translated by Alī Qulī Qarā ̕ī. a1st ed. aQum, Iran :bFoundation of Islamic Cultural Propagation in the World,c1997. a438 p. ;c22 cm. aSummary of this book was published in the journal Maktab-e Islām. aIncludes bibliographical references (p. 425-430) and indexes. 0aEthics, নীতিশাস্ত্র, Nītiśāstra, ˈeTHiks, ধর্মনীতি, নীতিবিজ্ঞান, নীতিশাস্ত্র, ethics, ethic, morality, morals, didactics, deontology